Principles of Macroeconomics: (Record no. 31126)
[ view plain ]
| 000 -LEADER | |
|---|---|
| fixed length control field | 00568nam a22001697a 4500 |
| 008 - FIXED-LENGTH DATA ELEMENTS--GENERAL INFORMATION | |
| fixed length control field | 220223b |||||||| |||| 00| 0 eng d |
| 020 ## - INTERNATIONAL STANDARD BOOK NUMBER | |
| International Standard Book Number | 9781930789883 |
| 050 ## - LIBRARY OF CONGRESS CALL NUMBER | |
| Classification number | HB 172.5 .T39 2014 |
| 082 ## - DEWEY DECIMAL CLASSIFICATION NUMBER | |
| Edition number | 3rd ed |
| 100 ## - MAIN ENTRY--PERSONAL NAME | |
| Personal name | Taylor, Timothy |
| 245 ## - TITLE STATEMENT | |
| Title | Principles of Macroeconomics: |
| Remainder of title | economics and the economy/ |
| Statement of responsibility, etc. | Timothy Taylor. |
| 260 ## - PUBLICATION, DISTRIBUTION, ETC. (IMPRINT) | |
| Place of publication, distribution, etc. | [Minneapolis] : |
| Name of publisher, distributor, etc. | Textbook Media, 2011. |
| Date of publication, distribution, etc. | 2011. |
| 300 ## - PHYSICAL DESCRIPTION | |
| Extent | xiv, 459 pages : |
| Other physical details | illustrations ; |
| Dimensions | 26 cm. |
| 650 ## - SUBJECT ADDED ENTRY--TOPICAL TERM | |
| Source of heading or term | Macroeconomics. |
| 650 ## - SUBJECT ADDED ENTRY--TOPICAL TERM | |
| Source of heading or term | Economics. |
| 942 ## - ADDED ENTRY ELEMENTS (KOHA) | |
| Source of classification or shelving scheme | |
| Koha item type | Hard Covered Materials |
| Classification part | HB 172.5 .T39 2014 |
| Withdrawn status | Lost status | Source of classification or shelving scheme | Damaged status | Not for loan | Home library | Current library | Shelving location | Date acquired | Source of acquisition | Cost, normal purchase price | Total Checkouts | Full call number | Barcode | Date last seen | Price effective from | Koha item type |
|---|---|---|---|---|---|---|---|---|---|---|---|---|---|---|---|---|
| MACHAKOS UNIVERSITY LIBRARY | MACHAKOS UNIVERSITY LIBRARY | Open shelf | 23/02/2022 | Donation(Damaris Kimanzi) | 616.00 | HB 172.5 .T39 2014 | 23858 | 23/02/2022 | 23/02/2022 | Hard Covered Materials | ||||||
| MACHAKOS UNIVERSITY LIBRARY | MACHAKOS UNIVERSITY LIBRARY | Open shelf | 02/03/2022 | Damaris Kimanzi | HB 172 .T39 2014 | 23922 | 02/03/2022 | 02/03/2022 | Hard Covered Materials |